Największe miasta w kujawsko-pomorskim wg litery - Statystyki

Ogólne statystyki
  • Ten quiz został rozwiązany 126 razy
  • Średni wynik to 12 z 19
Statystyki odpowiedzi
Litera Liczba mieszkańców Miasto % Poprawnych
B 349.021 Bydgoszcz
99%
T 201.798 Toruń
96%
I 72.786 Inowrocław
93%
W 110.287 Włocławek
93%
G 94.732 Grudziądz
90%
A 12.147 Aleksandrów Kujawski
75%
Ś 25.723 Świecie
68%
N 18.281 Nakło n. Notecią
66%
Ż 13.864 Żnin
64%
C 19.605 Chełmno
61%
R 16.227 Rypin
53%
L 14.399 Lipno
50%
M 11.836 Mogilno
50%
S 15.652 Solec Kujawski
44%
J 8.745 Janikowo
40%
K 11.162 Koronowo
33%
D 2.127 Dobrzyń n. Wisłą
29%
P 5.706 Pakość
27%
Ł 4.472 Łabiszyn
23%
Nie znaleziono quizów pasujących do podanych kryteriów
Rozkład punktacji
Procent ludzi z każdym wynikiem
Percentyl według liczby udzielonych odpowiedzi
Twoja historia wyników
Nie rozwiązałeś tego quizu